| 000 | 00879nam a22002417a 4500 | ||
|---|---|---|---|
| 005 | 20100701122956.0 | ||
| 008 | 100701t xxu||||| |||| 00| 0 eng d | ||
| 010 | _aENG-96347 | ||
| 020 |
_a9788178357201 _c675.00 |
||
| 035 | _aEN-79880 | ||
| 037 | _bDBAD/PUB | ||
| 040 |
_aDPL _bENG |
||
| 082 | _a261.2 | ||
| 100 | _aGeorge, Maya | ||
| 245 |
_aFaith & philosophy of Christainity / _cby Maya George |
||
| 260 |
_a Delhi _bKalpaz Publications _c2009 |
||
| 270 |
_aC-30, Satyawati Nagar _bDelhi _e110052 _k9212729499 _mkalpaz@hotmail.com |
||
| 300 |
_avii, 344p. _c23cm (Hb) |
||
| 490 | _aIndian religions series: 3 | ||
| 500 | _aincludes bibliograhical references and index | ||
| 942 |
_2ddc _cEN _mGEO _h261.2 |
||
| 999 |
_c36788 _d36788 |
||